Tres lecciones en el Museo del Prado: de introducción a la crítica de arte
Uloženo v:
| Hlavní autor: | |
|---|---|
| Médium: | Kniha |
| Jazyk: | španělština |
| Vydáno: |
Madrid
Ediciones Española
1960
|
| Témata: | |
| Tagy: |
Přidat tag
Žádné tagy, Buďte první, kdo vytvoří štítek k tomuto záznamu!
|
MARC
| LEADER | 00000nam a2200000 a 4500 | ||
|---|---|---|---|
| 001 | UCU5765 | ||
| 003 | CL-VaPUC | ||
| 008 | 960614e19600000SP |||||||||||||||||spa|d | ||
| 082 | 0 | 4 | |a 708.6 |b ORS |2 21 |
| 100 | |a Ors, Eugenio d' |e autor |9 347022 | ||
| 245 | 1 | 0 | |a Tres lecciones en el Museo del Prado: de introducción a la crítica de arte |
| 300 | |a 220 p | ||
| 942 | |c BK | ||
| 945 | |d 19960614 00:00:00 |a rbrito | ||
| 260 | |a Madrid |b Ediciones Española |c 1960 | ||
| 600 | 0 | 7 | |a MUSEO DEL PRADO |2 CL-VaPUC |9 319199 |
| 650 | 0 | |a Pintura española |9 315217 | |
| 650 | 0 | |a Pintores españoles |9 315216 | |
| 650 | 0 | |a Obras de arte |9 337253 | |
| 650 | 0 | |a Museos |9 269209 | |
| 650 | 0 | |a Crítica de arte |9 334590 | |
| 651 | 0 | |a España |9 254926 | |
| 583 | |a last modification |c 19960614 00:00:00 |k Rodrigo Vera | ||
| 999 | |c 248954 |d 248952 | ||
| 952 | |0 0 |1 0 |4 0 |6 708_600000000000000_ORS_1960 |7 0 |8 A |9 265919 |a BIBART |b BIBART |d 2019-11-19 |i 3184544 |o 708.6 ORS 1960 |p 3184544 |r 2025-03-13 |w 2019-11-19 |y BK |k ART | ||